<?xml version="1.0" encoding="UTF-8"?>
<record
    xmlns:xsi="http://www.w3.org/2001/XMLSchema-instance"
    xsi:schemaLocation="http://www.loc.gov/MARC21/slim http://www.loc.gov/standards/marcxml/schema/MARC21slim.xsd"
    xmlns="http://www.loc.gov/MARC21/slim">

  <leader>01277nam a2200325   4500</leader>
  <controlfield tag="001">78</controlfield>
  <controlfield tag="003">OSt</controlfield>
  <controlfield tag="005">20250528074011.0</controlfield>
  <controlfield tag="008">250123b        |||||||e |||| 00| 1 eng d</controlfield>
  <datafield tag="040" ind1=" " ind2=" ">
    <subfield code="b">por</subfield>
  </datafield>
  <datafield tag="041" ind1=" " ind2=" ">
    <subfield code="h">eng</subfield>
    <subfield code="a">por</subfield>
  </datafield>
  <datafield tag="082" ind1=" " ind2=" ">
    <subfield code="a">813</subfield>
    <subfield code="b">B922b</subfield>
  </datafield>
  <datafield tag="100" ind1="1" ind2=" ">
    <subfield code="a">Buck, Pearl S.</subfield>
    <subfield code="d">1892-1973.</subfield>
  </datafield>
  <datafield tag="240" ind1=" " ind2=" ">
    <subfield code="a">The good Earth</subfield>
  </datafield>
  <datafield tag="245" ind1=" " ind2=" ">
    <subfield code="a">A boa terra /</subfield>
    <subfield code="c">Buck, Pearl S. ; Tradu&#xE7;&#xE3;o de Oscar Mendes</subfield>
  </datafield>
  <datafield tag="260" ind1=" " ind2=" ">
    <subfield code="a">S&#xE3;o Paulo</subfield>
    <subfield code="b">Abril</subfield>
    <subfield code="c">Abril</subfield>
  </datafield>
  <datafield tag="300" ind1=" " ind2=" ">
    <subfield code="a">396 p.</subfield>
  </datafield>
  <datafield tag="490" ind1="1" ind2=" ">
    <subfield code="a">Grandes Sucessos - Abril Cultural</subfield>
  </datafield>
  <datafield tag="520" ind1=" " ind2=" ">
    <subfield code="a">Na velha China, anterior &#xE0; Revolu&#xE7;&#xE3;o, uma pobre fam&#xED;lia de camponeses luta pela posse de seu peda&#xE7;o de terra. No cen&#xE1;rio milenar destaca-se a for&#xE7;a e a perseveran&#xE7;a de um homem, Wang Lung, um bravo em meio &#xE0; mis&#xE9;ria, &#xE0; fome, &#xE0;s guerras que encharcaram o solo de sangue e l&#xE1;grimas. Pearl Buck pinta com excepcional exatid&#xE3;o as institui&#xE7;&#xF5;es e os costumes do povo chin&#xEA;s. No livro, espelhada, a alma da China.</subfield>
  </datafield>
  <datafield tag="650" ind1=" " ind2="0">
    <subfield code="a">Literatura Americana</subfield>
    <subfield code="9">84</subfield>
  </datafield>
  <datafield tag="650" ind1=" " ind2="0">
    <subfield code="a">Drama</subfield>
    <subfield code="9">18</subfield>
  </datafield>
  <datafield tag="650" ind1=" " ind2="0">
    <subfield code="a">Hist&#xF3;rico</subfield>
    <subfield code="9">53</subfield>
  </datafield>
  <datafield tag="650" ind1=" " ind2="0">
    <subfield code="a">Supera&#xE7;&#xE3;o</subfield>
    <subfield code="9">27</subfield>
  </datafield>
  <datafield tag="650" ind1=" " ind2="0">
    <subfield code="a">Filme</subfield>
    <subfield code="9">26</subfield>
  </datafield>
  <datafield tag="655" ind1=" " ind2="0">
    <subfield code="a">Romance</subfield>
    <subfield code="9">23</subfield>
  </datafield>
  <datafield tag="655" ind1=" " ind2="0">
    <subfield code="a">Fic&#xE7;&#xE3;o </subfield>
    <subfield code="9">22</subfield>
  </datafield>
  <datafield tag="700" ind1=" " ind2=" ">
    <subfield code="a">Oscar Mendes</subfield>
    <subfield code="e">Tradutor</subfield>
    <subfield code="9">187</subfield>
  </datafield>
  <datafield tag="830" ind1=" " ind2=" ">
    <subfield code="a">Grandes Sucessos - Abril Cultural</subfield>
    <subfield code="9">142</subfield>
  </datafield>
  <datafield tag="942" ind1=" " ind2=" ">
    <subfield code="2">ddc</subfield>
    <subfield code="n">0</subfield>
    <subfield code="c">BK</subfield>
  </datafield>
  <datafield tag="952" ind1=" " ind2=" ">
    <subfield code="0">0</subfield>
    <subfield code="1">0</subfield>
    <subfield code="2">ddc</subfield>
    <subfield code="4">0</subfield>
    <subfield code="7">0</subfield>
    <subfield code="8">FIC</subfield>
    <subfield code="a">BIBIB</subfield>
    <subfield code="b">BIBIB</subfield>
    <subfield code="c">LE</subfield>
    <subfield code="d">2017-05-24</subfield>
    <subfield code="e">doa&#xE7;&#xE3;o</subfield>
    <subfield code="l">0</subfield>
    <subfield code="o">813 / B922b</subfield>
    <subfield code="p">2025-15683</subfield>
    <subfield code="r">2025-01-23 08:06:13</subfield>
    <subfield code="w">2025-01-23</subfield>
    <subfield code="y">BK</subfield>
  </datafield>
  <datafield tag="999" ind1=" " ind2=" ">
    <subfield code="c">78</subfield>
    <subfield code="d">78</subfield>
  </datafield>
</record>
